Literature: across cultures
Spremljeno u:
| Glavni autor: | |
|---|---|
| Format: | Knjiga |
| Jezik: | Undetermined |
| Izdano: |
New York
Pearson Education, Inc
2005
|
| Teme: | |
| Oznake: |
Dodaj oznaku
Bez oznaka, Budi prvi tko označuje ovaj zapis!
|
| Thư viện lưu trữ: | Trung tâm Học liệu Trường Đại học Cần Thơ |
|---|
| LEADER | 00554nam a2200205Ia 4500 | ||
|---|---|---|---|
| 001 | CTU_117836 | ||
| 008 | 210402s9999 xx 000 0 und d | ||
| 020 | |c 58.60 | ||
| 082 | |a 808.8 | ||
| 082 | |b G478 | ||
| 100 | |a Gillespie, Sheena | ||
| 245 | 0 | |a Literature: across cultures | |
| 245 | 0 | |c Sheena Gillespie, Terezinha Fonseca, Tony Pipolo | |
| 260 | |a New York | ||
| 260 | |b Pearson Education, Inc | ||
| 260 | |c 2005 | ||
| 650 | |a literature | ||
| 650 | |x collections | ||
| 904 | |i Truc | ||
| 980 | |a Trung tâm Học liệu Trường Đại học Cần Thơ | ||